000 00961nam a2200289 a 4500
001 77646
003 BD-RjUL
005 20211209083015.0
008 151229s19881962enk 000 0 eng d
035 _a(CStRLIN)NYCG86-B33707
035 _a(BD-RjUL)77872
040 _aNNC
_cNNC
_beng
_dBD-RjUL
041 _aeng
082 _223
_a822.33
_bSHM 1962
100 1 _aShakespeare, William,
_d1564-1616.
_9118980
245 1 0 _aMacbeth /
_cWilliam Shakespeare; edited by Kenneth Muir.
250 _a9th ed.
260 _aLondon :
_bMethuen ;
_cc1962,
300 _alxv, 204 p. ;
_c21 cm.
490 1 _aArden edition of the works of William Shakespeare
490 1 _aArden Shakespeare
504 _aIncludes bibliographical references.
600 _aShakespeare, William,
_d1564-1616.
_tMacbeth.
_9242650
600 _aMacbeth,
_cKing of Scotland,
_dactive 11th century
_xJuvenile drama.
_9242651
700 1 _aMuir, Kenneth.
_9242652
942 _2ddc
_cBK
999 _c77646
_d77646